Top 10 Busiest MBTA Commuter Rail Stations - Statistics

General Stats
  • This quiz has been taken 192 times
    190 since last reset
  • The average score is 7 of 10
Answer Stats
Ridership Station Line % Correct
28,416 Boston/South Multiple
97%
18,427 Boston/North Multiple
95%
8,103 Back Bay Multiple
91%
2,091 Providence Providence/Stoughton
91%
1,522 Lowell Lowell
85%
2,326 Salem Newburyport/Rockport
68%
2,640 Ruggles Multiple
63%
1,721 Route 128/University Park Providence/Stoughton
54%
1,547 Attleboro Providence/Stoughton
52%
1,966 Mansfield Providence/Stoughton
40%
No matching quizzes found
Score Distribution
Percent of People with Each Score
Percentile by Number Answered
Your Score History
You have not taken this quiz since the last reset